| 000 | 00578nam a2200217 a 4500 | ||
|---|---|---|---|
| 001 | 0201 | ||
| 005 | 20140414131853.0 | ||
| 008 | 040819s19uu xx 00 eng d | ||
| 020 | _a0-943403-56-1 | ||
| 050 |
_aM 796.332 _bB74 1999 |
||
| 100 | _aBrenner, Richard J. | ||
| 245 |
_aBrett Favre / _cRichard J. Brenner. |
||
| 260 |
_aNew York : _bAn East End Publishing Book, _c1999. |
||
| 300 | _a29 p. : ill. ; cm. | ||
| 500 | _aIncludes centerfold pull-out | ||
| 650 | _aAmerican football. | ||
| 650 | _aSports. | ||
| 999 |
_c110317 _d110317 |
||